Perspectives on the human controller : essays in the honor of Henk G. Stassen
Αποθηκεύτηκε σε:
| Άλλοι συγγραφείς: | , |
|---|---|
| Μορφή: | Βιβλίο |
| Γλώσσα: | English |
| Δημοσίευση: |
Mahwah, NJ :
Lawrence Erlbaum Associates,
1997
|
| Θέματα: | |
| Ετικέτες: |
Προσθήκη ετικέτας
Δεν υπάρχουν, Καταχωρήστε ετικέτα πρώτοι!
|
MARC
| LEADER | 00000nam a2200000 i 4500 | ||
|---|---|---|---|
| 001 | 1/68930 | ||
| 008 | 990204s1997 eng d | ||
| 020 | |a 0-8058-2190-2 | ||
| 035 | |l 10047734 | ||
| 040 | |a GR-MY-UA |b gre |e aacr | ||
| 041 | 0 | |a eng | |
| 082 | 0 | |a 620.82 | |
| 245 | 1 | 0 | |a Perspectives on the human controller : |b essays in the honor of Henk G. Stassen / |c edited by Thomas B. Sheridan, Ton Van Lunteren |
| 260 | |a Mahwah, NJ : |b Lawrence Erlbaum Associates, |c 1997 | ||
| 300 | |a viii, 315 p.; |b ill.; |c 24 cm. | ||
| 500 | |a Includes bibliographical references and index | ||
| 600 | 1 | 0 | |a Stassen Henk G. |
| 650 | 0 | 0 | |a Human-machine systems |x Manual control. |
| 700 | 1 | |a Sheridan, Thomas B. |4 edt | |
| 700 | 1 | |a Van Lunteren, Ton. |4 edt | |
| 852 | |a INST |b SAMOS |e 19990204 |h 620.82 PER |p 005300013421 |q 005300013421 |t BK |y 0 | ||
| 901 | |a BIBL-1999-1 | ||
| 909 | |a Σ |b 062867 | ||
| 922 | |a 3ΕΛΗ |b 199812 |c ΤΠΕΣ |d ΠΑΠΑΣΩΤΗΡΙΟΥ | ||